| 000 | 00767nam a2200205 i 4500 | ||
|---|---|---|---|
| 001 | 174276 | ||
| 003 | ES-MaACL | ||
| 005 | 20250824063057.0 | ||
| 008 | 100323s1892 sp |||| | spa d | ||
| 080 | _a248.1 | ||
| 100 | 1 |
_aNieremberg, Juan Eusebio, _d1595-1658 _985642 |
|
| 245 | 1 | 0 |
_aTratados de la vida divina y de la afición y amor a Jesús y María / _cpor Juan Eusebio Nieremberg. |
| 260 |
_aMadrid : _bLibrería Católica de Gregorio del Amo, _c1892. |
||
| 300 |
_a592 p. ; _c17 cm. |
||
| 490 | 1 |
_aObras espirituales del V. P. Juan Eusebio Nieremberg ; _v6 |
|
| 650 | 1 | 7 |
_aVida cristiana _2embne _917790 |
| 830 | 0 |
_aObras espirituales del V. P. Juan Eusebio Nieremberg ; _v6 _9223676 |
|
| 852 |
_aES-MaACL _jD-2124 |
||
| 999 |
_c174276 _d174276 |
||